000 00633nam a2200193Ia 4500
005 20260415173418.0
008 008 250505s9999 xx 000 0 eng d
037 _aDissertations
040 _aFEDL
_beng
_cFEDL
041 _aeng
_2eng
084 _a371.1 SIN/DI
_qFEDL
100 _aSinha Shweta
_9783738
245 0 _aChanges in the classroom practices and professional development of government school teachers in Delhi
260 _c2021
300 _aiv, 79p.
546 _aM. Phil Dissertation (Delhi University); C D Included
942 _cDIS
_h371.1 SIN/DI
999 _c1400188
_d1400188